| 000 | 00431nam a22001697a 4500 | ||
|---|---|---|---|
| 005 | 20180206150215.0 | ||
| 008 | 160701b xxu||||| |||| 00| 0 eng d | ||
| 020 | _a0-07-099182-0 | ||
| 041 | _aeng | ||
| 082 |
_b20225 _a005.432 |
||
| 100 |
_aThomas, Dr Rabecca and Yates, Jean _94103 |
||
| 245 | _aUNIX SYSTEM | ||
| 260 |
_bMc graw Hill _acalifornia _c1985 |
||
| 300 | _a693 | ||
| 650 |
_aInformation Technology _9137 |
||
| 942 | _cBK | ||
| 999 |
_c5013 _d5011 |
||